| 000 | 00443nam a2200193Ia 4500 | ||
|---|---|---|---|
| 003 | OSt | ||
| 005 | 20260128120031.0 | ||
| 008 | 250729s2005 xx 000 0 und d | ||
| 040 | _cAL | ||
| 041 | _aeng | ||
| 082 | _a425 GOPP | ||
| 100 |
_aGopalakrishnan P N _9228049 |
||
| 245 | _aBook of Proverbs | ||
| 260 |
_aNew Delhi _c2005 |
||
| 300 | _a97p | ||
| 650 |
_aEnglish _9228050 |
||
| 700 |
_aGoo Digumurthi _9228051 |
||
| 942 |
_2ddc _cBED |
||
| 999 |
_c237864 _d237864 |
||